Gold and Silver Quiz Stats

 Plays Quiz Updated Dec 27, 2018

     
Support Sporcle.
Go Orange.
Score 0/28 Timer 06:00
0 Plays Today
Hint Answer % Correct
1964 James Bond movie with Sean ConneryGoldfinger
77.5%
The state nickname for CaliforniaThe Golden State
74.7%
A U.S. coin worth 100 pennies (Susan B Anthony)Silver Dollar
74.6%
Awards presented by the Hollywood Foreign Press AssociationThe Golden Globes
72.1%
Sitcom with Bea Arthur, Betty White, Rue McClanahan and Estelle GettyGolden Girls
71.7%
Iron Pyrite is also known as...Fools Gold
68%
Expression for one who has a clever way with words.Silver Tongue
62.4%
The famous pirate in the novel 'Treasure Island'Long John Silver
62.2%
The award for superior defense in the MLBGold Glove
60.8%
The state nickname for NevadaThe Silver State
59.3%
Classic Christmas song first recorded by Bing CrosbySilver Bells
59.3%
Type of projection surface popular in the early years of the motion picture industry.Silver Screen
58.7%
Marvel Comics superhero who first appeared in Fantastic Four #48The Silver Surfer
58.1%
1997 first-person shooter video game for Nintendo 64GoldenEye 007
56%
Hint Answer % Correct
The nickname for Coors LightThe Silver Bullet
52.2%
The ethic of reciprocity is also known as...The Golden Rule
49.8%
The award given to the top goalscorer of the FIFA World Cup.The Golden Boot Award
34.7%
1981 Katharine Hepburn and Henry Fonda movieOn Golden Pond
32.9%
Philip Pullman's novel 'Northern Lights' is also known as...The Golden Compass
31.6%
1980's sitcom with Ricky SchroderSilver Spoons
29.7%
The sixth book chronologically in the 'The Chronicles of Narnia'The Silver Chair
29.3%
The award for superior offense in the MLBSilver Slugger
28.5%
1.61803399The Golden Ratio
26.1%
Spaceship from the 'Hitchhiker's Guide to the Galaxy'Heart of Gold
19.9%
Sting's hit song from 'Ten Summoner's Tales'Fields of Gold
19.9%
A web browser plugin from Microsoft enabling video and animationMicrosoft Silverlight
19.3%
1986 movie with Eddie MurphyThe Golden Child
19.2%
Neil Young song and album released in 2000Silver and Gold
11.1%

From the Vault

Big 4 Teams Mix

by Scimitar_2002

Sports 6m
Just kinda put them all into a blender and make a new sport.
Remove Ads.
Support Sporcle.
Get the best of Sporcle when you Go Orange. This ad-free experience offers more features, more stats, and more fun while also helping to support Sporcle. Thank you for becoming a member.

Show Comments

Extras

Top Quizzes Today


Score Distribution

Your Account Isn't Verified!

In order to create a playlist on Sporcle, you need to verify the email address you used during registration. Go to your Sporcle Settings to finish the process.

Report this User

Report this user for behavior that violates our Community Guidelines.

Details: